000 01093nam a2200313Ia 4500
003 OSt
005 20221007123409.0
006 a|||||r|||| 00| 0
007 ta
008 221006b |||||||| |||| 00| 0 eng d
020 _a8120322290 (pbk)
_cRs.350.00
024 _a11454
037 _bAshutosh,
_cTextual
040 _aPAPL
_cPAPL
_beng
041 _2eng
_aeng
082 _aD65,4, P2
100 _aSchweber William
_9717191
245 0 _aElectronic communication systems by William Schweber
250 _aEd 4
260 _aNew
_bDelhi Prentice-Hall of India Pvt. Ltd.
_c2002
300 _axii, 820p
_ccm.
490 _vIncludes CD-ROM
500 _aAppendix A-E, 791-804p; Index 805-820p; ^n23/CSL/CARPA/2003-2004/1001^d2003-11-10^mPurchase; ; 2003-04/500^b2003-11-20^cATB/131^d2003-11-10^eRs.6,111.00^fAshutosh Technical Books; ; 2004-03-03^bSB^c2004-03-03^dVinay
650 _a Electronics
650 _a Telecommunication
_9235632
650 _aEngineering
942 _hD65,4, P2
_cTEXL
_2CC
999 _c1211822
_d1211822